| 000 | 00866cam a2200253Ia 4500 | ||
|---|---|---|---|
| 001 | 3442530 | ||
| 003 | SIRSI | ||
| 005 | 20190708095408.0 | ||
| 008 | 771123t19551900miu 001 0 eng u | ||
| 010 | _vAAL-1763 | ||
| 035 | _a(Sirsi) o03442530 | ||
| 035 | _a(Sirsi) 01-AAK-3397 | ||
| 036 | _au103161 | ||
| 040 |
_cCOI _dTSW |
||
| 090 |
_aBS2410 _b.P87 1955 |
||
| 100 | 1 |
_aPurves, George Tybout, _d1852-1901. |
|
| 245 | 1 | 0 |
_aChristianity in the apostolic age / _cGeorge T. Purves. |
| 260 |
_aGrand Rapids : _bBaker Book House, _c1955, c1900. |
||
| 300 |
_axx, 343 p. ; _c20 cm. |
||
| 500 | _aThis l955 edition is published by special arrangement with Charles Scribner's original printing, 1900. | ||
| 504 | _aInlcudes bibliographical references (p. 323-328). | ||
| 650 | 0 |
_aChurch history _yPrimitive and early church, ca. 30-600. |
|
| 945 | _aBS2410 .P87 1955 | ||
| 999 |
_c47119 _d47119 |
||